| 000 | 00357nam a2200145Ia 4500 | ||
|---|---|---|---|
| 008 | 150201s2007 xx 000 0 und d | ||
| 082 |
_a616.07 _bP2007K |
||
| 100 | _aKALTT,WILSON | ||
| 245 | _aROBBINS AND COTRAN ATLAS OF PATHOLOGY | ||
| 250 | _a1ST | ||
| 260 |
_bSAUNDERS _aPHILADELPHIA _c2007 |
||
| 300 | _a1-529 | ||
| 650 | _aPATHOLOGY | ||
| 942 |
_2ddc _cBK |
||
| 999 |
_c3703 _d3703 |
||